| 000 | 00459nam a22001697a 4500 | ||
|---|---|---|---|
| 003 | OSt | ||
| 005 | 20250526145604.0 | ||
| 008 | 250526b |||||||| |||| 00| 0 eng d | ||
| 040 | _cAccra | ||
| 050 | _aRGLO-05 | ||
| 100 | _dEdited by: D. R. K. Sankah | ||
| 245 | _aReview of Ghana Law | ||
| 260 |
_aAccra; _bCouncil of Law Report; _cc2001 - 2005 |
||
| 300 |
_avii, 328 pages _c24 cm |
||
| 500 | _aIncludes Book Review, Statutes Citation | ||
| 942 |
_2lcc _cBK _n0 |
||
| 999 |
_c5961 _d5961 |
||